Poradca

Gespeichert in:
Bibliographische Detailangaben
Format: Schriftenreihe
Sprache:Slowakisch
Veröffentlicht: Žilina Poradca 2002
Schlagworte:
Tags: Tag hinzufügen
Keine Tags, Fügen Sie das erste Tag hinzu!

MARC

LEADER 00000nas2a22000001 4500
001 0039444
005 20171214131115.0
022 |a 1335-1583 
041 0 |a slo 
044 |a SK 
245 1 0 |a Poradca 
264 1 |a Žilina  |b Poradca  |c 2002 
500 |a Chýba č. 10 
500 |a Č. 8, 9 má prílohu: P6 aktual. Príl. č.1/02: Verejná správa, č. 2/02: Podvojné účtovníctvo, č. 3/02: Jednoduché účtovníctvo. 
773 0 |w eu_un_cat*s120014 
610 2 0 |a podnikanie 
610 2 0 |a legislatíva 
610 2 0 |a podnikatelia